000 00310nam a22001337a 4500
008 171020b xxu||||| |||| 00| 0 eng d
020 _a9780471320012
041 _aeng
080 _a338
100 _a54
101 _aMIS
245 _aMANAGING AND USING INFORMATION SYSTEMS
_cPEARLSON,K.E
942 _2udc
_cBK
999 _c35122
_d35122